000
00328 a2200157 4500
001
44934
020
_a
040
_c
Anchieta - Aquarius
240
1
0
_a
#A lebre e a tartaruga
_l
por
245
1
0
_a
#A lebre e a tartaruga
300
_a
362
0
_a
0
440
1
_a
TorĂ¡ kids
650
4
_a
Literatura infantil
942
_c
BK
999
_c
44934
_d
44934